Statistics for Easy General Knowledge #3

Click here to take the quiz!

General Stats

  • This quiz has been taken 209 times
  • The average score is 16 of 20

Answer Stats

Questions Answer % Correct
The opposite of white is?Black
95%
Most recognised disney character?Mickey Mouse
94%
Tallest mountain in the wold?Mount Everest
94%
Which country has a maple leaf on its flag?Canada
93%
What is the Queen of the England's name?Elizabeth II
92%
Who is Coca Cola's main competition?Pepsi
92%
Who is the creator of Disney?Walt Disney
92%
Longest river in the world?Nile
91%
Answer aboves love interestMinnie Mouse
87%
What has Donald Trump promised to build in his presidency term?A wall
86%
Who is the singer of 'Toxic','Baby One More Time', 'Womanizer'Britney Spears
83%
What did Christopher Columbus "discover"?America
82%
How many suits are there in a regular deck of cards?4
80%
What is the name of the guidelines christians follow, presented by Moses? Ten ______Commandments
80%
Where would find the Outback?Australia
75%
Who invented the light bulb?Thomas Edison
64%
What team of super heroes is Wolverine apart of?X-Men
59%
Who plays Wolverine?Hugh Jackman
58%
What is the most well known brand of video game? (Shooter, War Game)Call of Duty
43%
What is the most common name in the world?Mohammed
42%

Score Distribution

Percentile by Number Answered

Percent of People with Each Score

Your Score History

You have not taken this quiz